| 000 | 00367nam a22001337a 4500 | ||
|---|---|---|---|
| 005 | 20140910110720.0 | ||
| 008 | 140910b xxu||||| |||| 00| 0 eng d | ||
| 050 |
_aDK327. _bB415 |
||
| 100 |
_aBerdyaev, Nicolas _911150 |
||
| 245 |
_aThe Russian idea _cBerdyaev, Nicolas |
||
| 260 |
_aLondon _bGeoffrey Bles _c1947 |
||
| 300 |
_a255p.; _c22cm. |
||
| 942 |
_2lcc _cMONOGRAPH |
||
| 999 |
_c120801 _d120801 |
||